NEFFEX - Fight Back Lyrics - Statistics

General Stats
  • This quiz has been taken 28 times
  • The average score is 262 of 418
Answer Stats
Answer % Correct
a
100%
I
100%
yo,
100%
You
100%
you
100%
you,
100%
gonna
95%
it,
95%
it
95%
make
95%
Make
95%
are
90%
Are
90%
back
90%
back?
90%
never
90%
your
90%
do?
85%
do
85%
fight
85%
no
85%
no,
85%
No,
85%
not
85%
the
85%
You're
85%
you're
85%
enough
80%
f*ck
80%
good
80%
that
80%
that?
80%
be
75%
just
75%
take
75%
don't
70%
Don't
70%
people
70%
f*cking
65%
I'm
65%
me
65%
million
65%
Or
65%
other
65%
same
65%
will
65%
all
60%
All
60%
stuff
60%
tell
60%
to
60%
with
60%
believe
55%
kid
55%
kiddin'
55%
There's
55%
think
55%
Think
55%
what
55%
Who
55%
but
50%
But
50%
get
50%
in
50%
Man,
50%
man,
50%
man
50%
must
50%
pro,
50%
probable
50%
really
50%
and
45%
damn
45%
damn,
45%
different?
45%
hit
45%
is
45%
It's
45%
it's
45%
many
45%
obstacles
45%
way
45%
can
40%
fake
40%
give
40%
irresponsible,
40%
say
40%
so
40%
They
40%
they
40%
about
35%
can't
35%
'cause
35%
'Cause
35%
disapprove
35%
door
35%
more
35%
positions
35%
possible,
35%
shut
35%
stop
35%
Stop
35%
too
35%
anymore,
30%
anymore
30%
beat
30%
better
30%
'em
30%
'em,
30%
got
30%
gotta
30%
hear
30%
motherf*cking
30%
move,
30%
Nah,
30%
on
30%
power
30%
soon,
30%
as
25%
ever
25%
goddamn
25%
great,
25%
head
25%
hold
25%
listen,
25%
opinions
25%
poor
25%
sh*t
25%
slow
25%
*ss
25%
than
25%
these
25%
time
25%
vision
25%
waste
25%
Yeah,
25%
Yeah
25%
ain't
20%
blocking
20%
break
20%
clouds,
20%
face
20%
heads
20%
if
20%
I'll
20%
millions,
20%
my
20%
others
20%
out
20%
out,
20%
speak
20%
straight
20%
straight,
20%
talking
20%
they're
20%
Thinking
20%
thinking
20%
thoughts,
20%
wanna
20%
before
15%
coming
15%
everybody
15%
fakin'
15%
haters
15%
here
15%
knows
15%
maybe
15%
need
15%
playin',
15%
sayin'?
15%
sayin',
15%
south
15%
driven
10%
fiction,
10%
long
10%
loud,
10%
makin',
10%
proud
10%
mouths
5%
No matching quizzes found
Score Distribution
Percent of People with Each Score
Percentile by Number Answered
Your Score History
You have not taken this quiz